000 01543cam a2200373 i 4500
999 _c6072
_d6072
001 1039046979004786
003 OSt
005 20260204140219.0
008 150121t20151969enk 001 0 eng d
020 _a9781473611528
_q(pbk.)
035 _a(OCoLC)1010642770
_z(OCoLC)1105371247
035 _a(OCoLC)on1010642770
040 _aSAKAP
_beng
_erda
_cSAKAP
_dOCLCO
_dOCLCF
_dUKOBU
_dUKMGB
_dLTSCA
_dOCLCQ
_dOCLCO
_dOCLCQ
_dOCLCO
_dKH8
042 _anbic
043 _an-us---
082 0 4 _a338.0973 BRO
_223
100 1 _aBrooks, John,
_d1920-1993,
_eauthor.
245 1 0 _aBusiness adventures :
_btwelve classic tales from the world of Wall Street /
_cJohn Brooks.
264 1 _aLondon :
_bJohn Murray Learning,
_c2015.
264 4 _c©1969.
300 _avi, 459 pages ;
_c20 cm.
336 _atext
_btxt
_2rdacontent.
337 _aunmediated
_bn
_2rdamedia.
338 _avolume
_bnc
_2rdacarrier.
520 8 _aHailed as a business classic by the likes of Bill Gates and Warren Buffet and widely acknowledged as a forerunner to the writing of Michael Lewis, 'Business Adventures' is an insightful and gripping look at corporate and financial life in America.
650 0 _aIndustries
_zUnited States.
650 0 _aFinance
_zUnited States.
650 0 _aSuccess in business
_zUnited States.
650 7 _aFinance.
_2fast
_0(OCoLC)fst00924349.
650 7 _aIndustries.
_2fast
_0(OCoLC)fst00971852.
650 7 _aSuccess in business.
_2fast
_0(OCoLC)fst01137062.
651 7 _aUnited States.
_2fast
_0(OCoLC)fst01204155.
942 _2ddc
_cFIC